[Event "Ceske Budejovice GM 2019"]
[Site "Ceske Budejovice"]
[Date "2019.07.03"]
[Round "5.1"]
[White "Szotkowski, Jakub"]
[Black "Miesbauer, Jan"]
[Result "0-1"]
[WhiteElo "2378"]
[BlackElo "2409"]
[Annotator "NA"]
[PlyCount "96"]
[EventDate "2019.07.02"]
[EventCountry "CZE"]
[SourceTitle "playchess.com"]
[Source "ChessBase"]
[SourceQuality "1"]
[TimeControl "5400+30"]

1. d4 {[%emt 0:01:30]} d5 {[%emt 0:02:28]} 2. c4 {[%emt 0:00:35]} dxc4 {[%emt 0:00:22]} 3. Nf3 {[%emt 0:01:35]} Nf6 {[%emt 0:00:21]} 4. Nc3 {[%emt 0:01:45]} c6 {[%emt 0:01:02]} 5. a4 {[%emt 0:01:54]} e6 {[%emt 0:00:22]} 6. e3 {[%emt 0:05:25]} c5 {[%emt 0:00:32]} 7. Bxc4 {[%emt 0:01:13]} Nc6 {[%emt 0:00:41]} 8. O-O {[%emt 0:01:27]} cxd4 {[%emt 0:01:10]} 9. exd4 {[%emt 0:00:16]} Be7 {[%emt 0:00:36]} 10. Qe2 {[%emt 0:03:26]} O-O {[%emt 0:01:13]} 11. Rd1 {[%emt 0:00:12]} Nb4 {[%emt 0:00:43]} 12. Bg5 {[%emt 0:03:55]} Bd7 {[%emt 0:07:10]} 13. Ne5 {[%emt 0:14:02]} Bc6 {[%emt 0:03:22]} 14. a5 {[%emt 0:10:01]} Bd5 {[%emt 0:02:16]} 15. b3 {[%emt 0:03:23]} Rc8 {[%emt 0:03:48]} 16. Ra4 {[%emt 0:03:48]} a6 {[%emt 0:13:20]} 17. Bxf6 {[%emt 0:04:52]} gxf6 {[%emt 0:00:08]} 18. Ng4 {[%emt 0:01:43]} Bxc4 {[%emt 0:07:39]} 19. bxc4 {[%emt 0:00:21]} f5 {[%emt 0:03:40]} 20. Ne5 {[%emt 0:05:48]} Qc7 {[%emt 0:05:56]} 21. Na2 {[%emt 0:12:59]} Nc6 {[%emt 0:04:30]} 22. Nf3 {[%emt 0:03:05]} Rfd8 {[%emt 0:07:16]} 23. d5 {[%emt 0:02:00]} Nxa5 {[%emt 0:02:32]} 24. dxe6 {[%emt 0:01:41]} Rxd1+ {[%emt 0:00:28]} 25. Qxd1 {[%emt 0:00:04]} fxe6 {[%emt 0:00:42]} 26. Qe1 {[%emt 0:01:15]} Nxc4 {[%emt 0:03:35]} 27. Qxe6+ {[%emt 0:00:05]} Kh8 {[%emt 0:00:26]} 28. Nc3 {[%emt 0:04:39]} Bf8 {[%emt 0:10:24]} 29. g3 {[%emt 0:06:52]} Bg7 {[%emt 0:02:36]} 30. Nd5 {[%emt 0:01:23]} Qc6 {[%emt 0:00:59]} 31. Ng5 {[%emt 0:02:06]} Qxe6 {[%emt 0:00:29]} 32. Nxe6 {[%emt 0:00:05]} Nd6 {[%emt 0:06:43]} 33. Ne3 {[%emt 0:01:23]} Ra8 {[%emt 0:02:31]} 34. Ra2 {[%emt 0:01:07]} a5 {[%emt 0:04:15]} 35. Rd2 {[%emt 0:00:10]} Ne8 {[%emt 0:00:31]} 36. Nxf5 {[%emt 0:00:33]} a4 {[%emt 0:01:18]} 37. Nc5 {[%emt 0:01:18]} b5 {[%emt 0:01:16]} 38. Ne3 {[%emt 0:00:32]} a3 {[%emt 0:00:46]} 39. Ra2 {[%emt 0:00:10]} b4 {[%emt 0:00:44]} 40. Nd5 {[%emt 0:00:45]} Bf8 {[%emt 0:00:21]} 41. Nb3 {[%emt 0:00:00]} Kg7 {[%emt 0:00:00]} 42. Kf1 {[%emt 0:00:00]} Nf6 {[%emt 0:00:00]} 43. Nc7 {[%emt 0:00:00]} Rc8 {[%emt 0:00:00]} 44. Ne6+ {[%emt 0:00:00]} Kf7 {[%emt 0:00:00]} 45. Nxf8 {[%emt 0:00:00]} Kxf8 {[%emt 0:00:00]} 46. Ke1 {[%emt 0:00:00]} Ne4 {[%emt 0:00:00]} 47. f4 {[%emt 0:00:00]} Rc3 {[%emt 0:00:00]} 48. Na5 {[%emt 0:00:00]} Rc1+ {[%emt 0:00:00]} 0-1

[Event "Ceske Budejovice GM 2019"]
[Site "Ceske Budejovice"]
[Date "2019.07.03"]
[Round "5.2"]
[White "Stefansson, Hannes"]
[Black "Olsen, Filip Boe"]
[Result "1-0"]
[WhiteElo "2562"]
[BlackElo "2383"]
[Annotator "ChessBase"]
[PlyCount "157"]
[EventDate "2019.07.02"]
[EventCountry "CZE"]
[SourceTitle "playchess.com"]
[Source "ChessBase"]
[SourceQuality "1"]
[TimeControl "5400+30"]

1. c4 {[%emt 0:00:00]} e6 {[%emt 0:00:00]} 2. g3 {[%emt 0:00:29]} Nf6 {[%emt 0:00:00]} 3. Bg2 {[%emt 0:00:19]} d5 {[%emt 0:00:09]} 4. Nf3 {[%emt 0:00:26]} dxc4 {[%emt 0:01:15]} 5. Qa4+ {[%emt 0:00:28]} Bd7 {[%emt 0:00:39]} 6. Qxc4 {[%emt 0:00:08]} c5 {[%emt 0:00:11]} 7. Ne5 {[%emt 0:00:18]} Qc8 {[%emt 0:00:09]} 8. Qd3 {[%emt 0:00:25]} Nc6 {[%emt 0:04:04]} 9. Nxd7 {[%emt 0:00:39]} Nxd7 {[%emt 0:03:00]} 10. Nc3 {[%emt 0:00:43]} Be7 {[%emt 0:01:25]} 11. b3 {[%emt 0:00:30]} O-O {[%emt 0:01:04]} 12. Bb2 {[%emt 0:00:28]} Rd8 {[%emt 0:02:38]} 13. Rc1 {[%emt 0:00:32]} Nf6 {[%emt 0:05:40]} 14. Qb1 {[%emt 0:00:53]} Qd7 {[%emt 0:01:39]} 15. d3 {[%emt 0:01:58]} Rac8 {[%emt 0:05:24]} 16. O-O {[%emt 0:03:22]} b6 {[%emt 0:02:23]} 17. Rfd1 {[%emt 0:03:03]} Nd5 {[%emt 0:14:00]} 18. e3 {[%emt 0:03:08]} Ncb4 {[%emt 0:05:58]} 19. Ne2 {[%emt 0:03:16]} Bf6 {[%emt 0:02:18]} 20. d4 {[%emt 0:01:18]} cxd4 {[%emt 0:02:18]} 21. Nxd4 {[%emt 0:01:29]} Rxc1 {[%emt 0:02:15]} 22. Rxc1 {[%emt 0:00:13]} Rc8 {[%emt 0:02:30]} 23. Rd1 {[%emt 0:05:31]} Qe7 {[%emt 0:12:54]} 24. a3 {[%emt 0:05:00]} Nc6 {[%emt 0:09:29]} 25. Nxc6 {[%emt 0:04:02]} Rxc6 {[%emt 0:00:03]} 26. Bxd5 {[%emt 0:01:22]} exd5 {[%emt 0:00:03]} 27. Rxd5 {[%emt 0:00:19]} g6 {[%emt 0:08:04]} 28. Rd1 {[%emt 0:05:05]} Rd6 {[%emt 0:04:03]} 29. Rxd6 {[%emt 0:01:45]} Qxd6 {[%emt 0:00:02]} 30. Bxf6 {[%emt 0:00:27]} Qxf6 {[%emt 0:00:02]} 31. Qd1 {[%emt 0:00:22]} h5 {[%emt 0:01:19]} 32. a4 {[%emt 0:02:15]} Qf5 {[%emt 0:04:12]} 33. b4 {[%emt 0:05:02]} Qe4 {[%emt 0:02:00]} 34. b5 {[%emt 0:02:13]} Kh7 {[%emt 0:02:55]} 35. h4 {[%emt 0:01:56]} Kg8 {[%emt 0:00:54]} 36. Qd8+ {[%emt 0:02:16]} Kh7 {[%emt 0:00:08]} 37. Qd4 {[%emt 0:03:34]} Qb1+ {[%emt 0:00:35]} 38. Kg2 {[%emt 0:00:10]} Qc2 {[%emt 0:00:19]} 39. g4 {[%emt 0:07:54]} hxg4 {[%emt 0:00:54]} 40. Qxg4 {[%emt 0:00:10]} Qb3 {[%emt 0:00:36]} 41. Qe4 {[%emt 0:05:55]} Kg8 {[%emt 0:02:09]} 42. Qd4 {[%emt 0:04:13]} Kh7 {[%emt 0:00:00]} 43. e4 {[%emt 0:00:00]} Kg8 {[%emt 0:00:00]} 44. f3 {[%emt 0:00:00]} Qa2+ {[%emt 0:00:00]} 45. Kg3 {[%emt 0:00:00]} Qb3 {[%emt 0:00:00]} 46. Kf4 {[%emt 0:00:00]} Qc2 {[%emt 0:00:00]} 47. Kg5 {[%emt 0:00:00]} Qc8 {[%emt 0:00:00]} 48. Qd6 {[%emt 0:00:00]} Qc3 {[%emt 0:00:00]} 49. Qf6 {[%emt 0:00:00]} Qc1+ {[%emt 0:00:00]} 50. Qf4 {[%emt 0:00:00]} Qc5+ {[%emt 0:00:00]} 51. e5 {[%emt 0:00:28]} Qe7+ {[%emt 0:00:00]} 52. Qf6 {[%emt 0:01:21]} Qc5 {[%emt 0:00:00]} 53. h5 {[%emt 0:03:21]} Qe3+ {[%emt 0:00:00]} 54. Qf4 {[%emt 0:01:18]} Qd3 {[%emt 0:00:00]} 55. hxg6 {[%emt 0:03:13]} Qxg6+ {[%emt 0:00:00]} 56. Kh4 {[%emt 0:00:04]} Qh7+ {[%emt 0:00:00]} 57. Kg4 {[%emt 0:00:41]} Qc2 {[%emt 0:00:00]} 58. Qe4 {[%emt 0:01:00]} Qg2+ {[%emt 0:00:00]} 59. Kf4 {[%emt 0:02:56]} Qh2+ {[%emt 0:00:00]} 60. Kf5 {[%emt 0:01:22]} Qh7+ {[%emt 0:01:16]} 61. Kg5 {[%emt 0:00:16]} Qg7+ {[%emt 0:00:16]} 62. Kh5 {[%emt 0:00:09]} Qh8+ {[%emt 0:00:23]} 63. Kg4 {[%emt 0:00:05]} Qh2 {[%emt 0:01:37]} 64. Qe1 {[%emt 0:01:55]} Qc2 {[%emt 0:00:26]} 65. Qe4 {[%emt 0:01:14]} Qh2 {[%emt 0:01:04]} 66. e6 {[%emt 0:03:52]} Qg2+ {[%emt 0:00:38]} 67. Kf4 {[%emt 0:00:39]} Qh2+ {[%emt 0:03:21]} 68. Kf5 {[%emt 0:00:51]} Qh7+ {[%emt 0:00:57]} 69. Ke5 {[%emt 0:00:13]} Qh2+ {[%emt 0:00:50]} 70. f4 {[%emt 0:02:03]} Qb2+ {[%emt 0:00:56]} 71. Kd6 {[%emt 0:01:18]} Qd2+ {[%emt 0:01:19]} 72. Kc7 {[%emt 0:01:38]} Qc1+ {[%emt 0:01:18]} 73. Kb7 {[%emt 0:00:18]} fxe6 {[%emt 0:01:19]} 74. Qxe6+ {[%emt 0:00:06]} Kh7 {[%emt 0:00:07]} 75. f5 {[%emt 0:01:36]} Qh1+ {[%emt 0:00:43]} 76. Qc6 {[%emt 0:01:21]} Qh4 {[%emt 0:00:09]} 77. Qg6+ {[%emt 0:01:26]} Kh8 {[%emt 0:00:05]} 78. f6 {[%emt 0:00:43]} Qh1+ {[%emt 0:00:17]} 79. Ka6 {[%emt 0:00:06]} 1-0

[Event "Ceske Budejovice GM 2019"]
[Site "Ceske Budejovice"]
[Date "2019.07.03"]
[Round "5.3"]
[White "Simacek, Pavel"]
[Black "Dhulipalla Bala Chandra Prasad"]
[Result "0-1"]
[WhiteElo "2490"]
[BlackElo "2419"]
[Annotator "TA"]
[PlyCount "84"]
[EventDate "2019.07.02"]
[EventCountry "CZE"]
[SourceTitle "playchess.com"]
[Source "ChessBase"]
[SourceQuality "1"]

{[%evp 17,84,-12,53,40,59,48,69,79,64,68,63,31,90,43,50,57,58,44,62,37,49,-6,60,20,33,10,34,25,55,57,100,91,91,90,109,43,59,56,75,66,59,44,52,-122,-129,-138,-11,-11,-11,-10,-12,-16,-14,-265,-267,-271,-274,-1265,-1250,-1235,-1198,-29988,-29989,-29995,-29996,-29996,-29997,-29997,-29998]} 1. e4 e5 2. Nf3 Nc6 3. Bc4 Nf6 4. Ng5 d5 5. exd5 Na5 6. Bb5+ c6 7. dxc6 bxc6 8. Be2 h6 9. Nh3 g5 ({Black should try} 9... Bd6 $11) 10. d3 {C59: Two Knights: 4 Ng5 d5 5 exd5 Na5 5 Bb5+ c6 6 dxc6 bxc6 7 Be2} Bf5 (10... Bg7 11. Ng1 O-O 12. Nc3 c5 13. Be3 Qb6 14. Rb1 Nc6 15. Nf3 Re8 16. h4 g4 17. Nd2 Nd4 {½-½ (39) Rapport,R (2686)-Ponomariov,R (2687) Heraklio 2017}) 11. Nc3 Bg7 12. Ng1 {White is slightly better.} Rb8 $146 ({Predecessor:} 12... Nd5 13. Ne4 O-O 14. h4 Nf4 15. hxg5 hxg5 16. g3 Bxe4 17. dxe4 Qxd1+ 18. Bxd1 {1-0 (52) Vorobiov,E (2583)-Pushkin,E (2170) Kazan 2013}) 13. Nf3 Nd5 14. Ne4 Nf4 (14... O-O $14) 15. O-O Bg6 16. Re1 O-O 17. Bf1 Re8 18. Rb1 f5 19. Ng3 (19. Nc5 $14) 19... Nd5 ({Better is} 19... c5 $11) 20. Nd2 g4 21. a3 c5 22. Ne2 h5 23. c4 Ne7 24. b4 Nac6 {[%cal Rc5b4]} 25. b5 Na5 26. Nb3 (26. Bb2 $16) 26... Nxb3 $14 27. Rxb3 Bf7 28. Nc3 Ng6 29. g3 h4 30. f3 $2 (30. a4 $14 {keeps the upper hand.}) 30... hxg3 $17 31. hxg3 {[#]} gxf3 ({Black should play} 31... e4 $1 $17 {[%mdl 512]} 32. dxe4 Bd4+ 33. Be3 Ne5) 32. Qxf3 $11 e4 $1 {[%cal Re4f3]} 33. dxe4 Ne5 34. Qxf5 {Hoping for Nd5.} Be6 35. Qf2 $2 {[%mdl 8192]} (35. Rd1 $1 $11 Bxf5 36. Rxd8 Rbxd8 37. exf5) 35... Rf8 $19 36. Bf4 {[#] aiming for Nd5.} Ng4 $1 {[%cal Rg4f2]} 37. Qc2 $2 (37. Rd1 Bd4 38. Rxd4 cxd4 39. Qd2 dxc3 40. Rxc3) 37... Bd4+ 38. Kg2 {[#]} Rxf4 $1 {[%mdl 576] Deflection} 39. gxf4 Qh4 {Black mates.} 40. Kf3 {[#]} Ne3 $1 {[%mdl 512]} 41. Rxe3 Bg4+ 42. Kg2 Bxe3 {Accuracy: White = 30%, Black = 58%.} 0-1

[Event "Ceske Budejovice GM 2019"]
[Site "Ceske Budejovice"]
[Date "2019.07.03"]
[Round "5.4"]
[White "Pulpan, Jakub"]
[Black "Kraus, Tomas"]
[Result "0-1"]
[WhiteElo "2414"]
[BlackElo "2486"]
[Annotator "TA"]
[PlyCount "54"]
[EventDate "2019.07.02"]
[EventCountry "CZE"]
[SourceTitle "playchess.com"]
[Source "ChessBase"]
[SourceQuality "1"]

{[%evp 15,54,31,39,25,69,23,16,0,6,0,27,35,45,20,23,25,34,-9,-9,-93,-91,-91,-87,-158,-166,-170,-159,-147,-158,-144,-138,-288,-274,-273,-274,-281,-277,-289,-277,-494,-497]} 1. e4 d6 2. d4 Nf6 3. Nc3 g6 4. Nf3 Bg7 5. Be2 O-O 6. O-O Nc6 7. d5 Nb8 8. h3 c6 9. a4 {B08: Pirc Defence: Classical System} b6 10. Be3 Bb7 11. Qd2 {The position is equal.} Nbd7 $146 ({Predecessor:} 11... a6 12. Rfd1 cxd5 13. exd5 Nbd7 14. Bh6 Qc7 15. Bxg7 Kxg7 16. Nd4 Rac8 17. Rac1 {0-1 (44) Hou,Y (2658)-Nakamura,H (2777) chess.com INT 2018}) 12. Rad1 cxd5 13. exd5 Rc8 14. Bd4 a6 15. Rfe1 Re8 16. b3 e5 $36 {[%mdl 2048] Black is pushing.} 17. Be3 (17. dxe6 $1 $11 {keeps the balance.} fxe6 18. Bc4) 17... Qc7 $1 $17 {[%cal Rc7c3]} 18. Bc4 {[#]} e4 $1 {[%cal Re4f3]} 19. Ng5 (19. Nd4 $142) 19... h6 20. Nxf7 Kxf7 21. Bxh6 {[#]} e3 $1 22. Bxe3 {[#]} (22. Rxe3 Bxh6) 22... Ne5 $1 23. Rb1 (23. Bd4 $17 {was worth a try.} Nxc4 24. bxc4) 23... Nxc4 $19 24. bxc4 Qxc4 25. Rxb6 Ba8 ({Not} 25... Qxc3 26. Rxb7+ Kf8 27. Qxc3 $17) 26. Rb3 Nd7 {[%cal Rg7c3]} ({Much less strong is} 26... Bxd5 27. Rd1 $19) 27. Na2 $2 (27. Ne2 {was called for.}) 27... Qxd5 {Accuracy: White = 16%, Black = 86%.} 0-1

[Event "Ceske Budejovice GM 2019"]
[Site "Ceske Budejovice"]
[Date "2019.07.03"]
[Round "5.5"]
[White "Kazakov, Mikhail"]
[Black "Vykouk, Jan"]
[Result "0-1"]
[WhiteElo "2511"]
[BlackElo "2453"]
[Annotator "TA"]
[PlyCount "94"]
[EventDate "2019.07.02"]
[EventCountry "CZE"]
[SourceTitle "playchess.com"]
[Source "ChessBase"]
[SourceQuality "1"]

{[%evp 13,100,32,30,48,35,39,54,26,61,44,95,70,97,79,100,68,68,54,85,89,158,130,188,240,215,207,297,283,370,363,360,347,345,350,331,147,134,102,105,93,167,184,189,8,8,8,41,-25,-23,-20,-25,-45,-42,-43,-41,-41,-41,-51,0,-15,125,131,131,131,198,186,260,-274,-267,-1126,-842,-1495,-1183,-1735,-1684,-1350,-1432,-903,-706,-1866,-775,-29994,-29995,-29995,-29996,-29996,-29997,-29997,-29998]} 1. d4 Nf6 2. c4 g6 3. Nc3 Bg7 4. e4 d6 5. Nf3 O-O 6. h3 e5 7. d5 Nh5 8. g3 {E90: King's Indian: Classical: Early deviations and 6 h3} f5 (8... Na6 9. Nh2 Nc5 10. Be3 a5 11. Be2 Nf6 12. Bf3 Ne8 13. g4 f5 14. gxf5 gxf5 15. exf5 Bxf5 16. Bxc5 dxc5 {½-½ (79) Postny,E (2623)-Guseinov,G (2664) chess.com INT 2019}) 9. exf5 gxf5 10. Nh4 {White is slightly better.} Nf6 11. Qc2 e4 ({Black should play} 11... Na6 $14) 12. Be3 c6 13. Be2 Na6 $146 ({Predecessor:} 13... c5 14. Bg5 h6 15. Bf4 Ne8 {1-0 (68) Kazakovskiy,V (2456)-Kurbonboeva,S (2273) Tashkent 2019}) 14. a3 Bd7 15. Ng2 Nc7 {[%cal Rc6d5]} 16. Nf4 Be8 ({Black should try} 16... cxd5 17. cxd5 Qe7) 17. Qd2 Bf7 (17... cxd5 $16 18. cxd5 (18. Ncxd5 Nfxd5 19. cxd5 Bf7 $14) (18. Nfxd5 Ncxd5 19. Nxd5 Bf7 $14) 18... Qe7) 18. g4 $18 fxg4 19. hxg4 Qe7 (19... cxd5 {was worth a try.} 20. cxd5 Qe7) 20. O-O-O cxd5 21. g5 Nd7 22. Nfxd5 Nxd5 23. Nxd5 ({Stronger than} 23. cxd5 Bg6 $15) 23... Qd8 24. Bd4 (24. Qc2 $18 Re8 25. Kb1) 24... Bxd4 $16 25. Qxd4 Qxg5+ 26. Kb1 $1 Bg6 (26... Qe5 $16) 27. Nc7 $1 $18 {[%cal Rc7a8]} Rxf2 28. Nxa8 $2 (28. Bh5 $1 $18 {[%cal Rh5g6]} Raf8 29. Bxg6 Qxg6 30. Nd5) 28... Rxe2 $11 29. Qxd6 $40 {[%mdl 128] Black needs to defend precisely.} Qe5 {[%csl Ge2][%cal Re5b2]} 30. Qd5+ (30. Qb4 $1 $14 Nf8 31. Qxb7) 30... Qxd5 31. cxd5 e3+ 32. Ka1 Rc2 {And now ...e2 would win.} 33. Rc1 e2 34. Rxc2 Bxc2 $15 {[%mdl 4096] Endgame KRN-KBN} 35. Nc7 Nc5 (35... Ne5 $1 $15 36. d6 Kf7) 36. d6 {Hoping for b4.} Kf7 (36... Nb3+ $1 $11 37. Ka2 Kf7) 37. b4 $16 Nd7 ({But not} 37... Be4 $2 38. Re1 $18) 38. Nb5 Ne5 (38... Be4 $16 39. Re1 Bf3) 39. Nd4 $1 $18 {[%cal Rd4c2]} Bd3 {[#]} ({Wrong is} 39... Be4 $2 40. Re1 $18) (39... Bg6 {was necessary.} 40. Nxe2 Nc4) 40. Kb2 $4 {[%mdl 8192]} (40. Nxe2 $1 $18 {[%mdl 512] was the only winning move.} Bxe2 41. Re1) 40... Be4 $19 41. d7 $2 (41. Ra1 Nd3+ 42. Kc3 e1=Q+ 43. Rxe1 Nxe1 44. d7) 41... Bxh1 42. d8=Q e1=Q 43. Qc7+ Kg6 44. Qd6+ Kh5 {( -> ...Nc4+)} 45. Qc5 Qe4 46. Ne6 b6 47. Qe7 Qe2+ 0-1

[Event "Ceske Budejovice GM 2019"]
[Site "Ceske Budejovice"]
[Date "2019.07.04"]
[Round "6.1"]
[White "Miesbauer, Jan"]
[Black "Vykouk, Jan"]
[Result "0-1"]
[WhiteElo "2409"]
[BlackElo "2453"]
[Annotator "ChessBase"]
[PlyCount "106"]
[EventDate "2019.07.02"]
[EventCountry "CZE"]
[SourceTitle "playchess.com"]
[Source "ChessBase"]
[SourceQuality "1"]
[TimeControl "5400+30"]

1. Nf3 {[%emt 0:00:00]} d5 {[%emt 0:00:05]} 2. g3 {[%emt 0:00:08]} Nd7 {[%emt 0:02:16]} 3. c4 {[%emt 0:02:19]} dxc4 {[%emt 0:00:19]} 4. Qa4 {[%emt 0:02:33]} Ngf6 {[%emt 0:01:44]} 5. Bg2 {[%emt 0:00:32]} c6 {[%emt 0:00:39]} 6. Qxc4 {[%emt 0:00:19]} e5 {[%emt 0:00:16]} 7. d3 {[%emt 0:01:21]} Bd6 {[%emt 0:00:23]} 8. O-O {[%emt 0:00:25]} O-O {[%emt 0:00:20]} 9. Nbd2 {[%emt 0:03:51]} Nb6 {[%emt 0:00:10]} 10. Qc2 {[%emt 0:00:14]} h6 {[%emt 0:00:21]} 11. b3 {[%emt 0:01:37]} Bf5 {[%emt 0:00:10]} 12. Bb2 {[%emt 0:01:56]} Re8 {[%emt 0:00:06]} 13. e4 {[%emt 0:00:23]} Bh7 {[%emt 0:01:10]} 14. Nc4 {[%emt 0:06:01]} Nxc4 {[%emt 0:00:07]} 15. bxc4 {[%emt 0:00:47]} Nd7 {[%emt 0:03:11]} 16. Nd2 {[%emt 0:00:57]} Qe7 {[%emt 0:00:26]} 17. Kh1 {[%emt 0:10:46]} Rad8 {[%emt 0:00:08]} 18. f4 {[%emt 0:05:45]} Nc5 {[%emt 0:00:05]} 19. Rad1 {[%emt 0:00:51]} exf4 {[%emt 0:02:29]} 20. gxf4 {[%emt 0:11:23]} Qh4 {[%emt 0:00:07]} 21. Nf3 {[%emt 0:06:18]} Qxf4 {[%emt 0:00:06]} 22. Rg1 {[%emt 0:03:53]} Bf8 {[%emt 0:07:20]} 23. Nd4 {[%emt 0:04:33]} Ne6 {[%emt 0:04:02]} 24. Nf5 {[%emt 0:04:14]} Bxf5 {[%emt 0:00:46]} 25. Rdf1 {[%emt 0:00:50]} Qh4 {[%emt 0:06:14]} 26. exf5 {[%emt 0:01:45]} Ng5 {[%emt 0:00:50]} 27. Be4 {[%emt 0:08:08]} f6 {[%emt 0:01:41]} 28. Rg2 {[%emt 0:04:51]} Kh8 {[%emt 0:01:43]} 29. Re2 {[%emt 0:03:22]} Qh3 {[%emt 0:03:44]} 30. Rfe1 {[%emt 0:02:00]} Nxe4 {[%emt 0:03:10]} 31. dxe4 {[%emt 0:00:40]} Qf3+ {[%emt 0:01:59]} 32. Rg2 {[%emt 0:00:11]} Bb4 {[%emt 0:02:28]} 33. Qe2 {[%emt 0:01:21]} Qxe2 {[%emt 0:03:05]} 34. Rexe2 {[%emt 0:00:06]} Bc5 {[%emt 0:00:59]} 35. Rg3 {[%emt 0:04:19]} Rd1+ {[%emt 0:00:27]} 36. Kg2 {[%emt 0:00:07]} Bd4 {[%emt 0:05:36]} 37. Rb3 {[%emt 0:03:12]} b6 {[%emt 0:00:52]} 38. Bc3 {[%emt 0:02:37]} c5 {[%emt 0:01:41]} 39. Bd2 {[%emt 0:01:35]} Rg1+ {[%emt 0:05:10]} 40. Kh3 {[%emt 0:02:05]} Rf1 {[%emt 0:02:33]} 41. Kg2 {[%emt 0:01:31]} Rxf5 {[%emt 0:00:18]} 42. Ra3 {[%emt 0:00:20]} Rfe5 {[%emt 0:01:57]} 43. Rxa7 {[%emt 0:00:50]} Rxe4 {[%emt 0:00:17]} 44. Rxe4 {[%emt 0:00:04]} Rxe4 {[%emt 0:00:04]} 45. Kf3 {[%emt 0:00:19]} Re6 {[%emt 0:00:22]} 46. Rb7 {[%emt 0:01:09]} Kh7 {[%emt 0:01:01]} 47. Bf4 {[%emt 0:00:00]} Kg6 {[%emt 0:00:00]} 48. a4 {[%emt 0:00:00]} Bc3 {[%emt 0:00:00]} 49. Bg3 {[%emt 0:00:00]} f5 {[%emt 0:00:00]} 50. Bc7 {[%emt 0:00:00]} Ba5 {[%emt 0:00:00]} 51. Bd8 {[%emt 0:00:00]} Re1 {[%emt 0:00:00]} 52. Rb8 {[%emt 0:00:00]} Re8 {[%emt 0:00:00]} 53. Rc8 {[%emt 0:00:00]} Kh5 {[%emt 0:00:00]} 0-1

[Event "Ceske Budejovice GM 2019"]
[Site "Ceske Budejovice"]
[Date "2019.07.04"]
[Round "6.2"]
[White "Kraus, Tomas"]
[Black "Kazakov, Mikhail"]
[Result "1-0"]
[WhiteElo "2486"]
[BlackElo "2511"]
[Annotator "ChessBase"]
[PlyCount "61"]
[EventDate "2019.07.02"]
[EventCountry "CZE"]
[SourceTitle "playchess.com"]
[Source "ChessBase"]
[SourceQuality "1"]
[TimeControl "5400+30"]

1. e4 {[%emt 0:00:00]} c5 {[%emt 0:00:00]} 2. Nc3 {[%emt 0:03:11]} Nc6 {[%emt 0:01:25]} 3. Bb5 {[%emt 0:00:15]} Nd4 {[%emt 0:01:57]} 4. Bc4 {[%emt 0:00:50]} g6 {[%emt 0:00:06]} 5. Nge2 {[%emt 0:01:30]} Bg7 {[%emt 0:00:14]} 6. d3 {[%emt 0:09:43]} e6 {[%emt 0:03:24]} 7. Nxd4 {[%emt 0:02:07]} cxd4 {[%emt 0:00:13]} 8. Ne2 {[%emt 0:00:14]} Ne7 {[%emt 0:00:37]} 9. O-O {[%emt 0:04:15]} d5 {[%emt 0:03:19]} 10. Bb3 {[%emt 0:02:19]} h6 {[%emt 0:12:19]} 11. f4 {[%emt 0:02:59]} O-O {[%emt 0:02:24]} 12. Kh1 {[%emt 0:03:22]} dxe4 {[%emt 0:05:56]} 13. dxe4 {[%emt 0:00:06]} b6 {[%emt 0:00:27]} 14. Ng3 {[%emt 0:03:19]} h5 {[%emt 0:09:18]} 15. f5 {[%emt 0:06:24]} Nc6 {[%emt 0:05:39]} 16. Nxh5 {[%emt 0:04:23]} Qh4 {[%emt 0:04:48]} 17. Nxg7 {[%emt 0:03:19]} Kxg7 {[%emt 0:02:17]} 18. Rf4 {[%emt 0:06:45]} Qh5 {[%emt 0:00:14]} 19. Qxh5 {[%emt 0:11:27]} gxh5 {[%emt 0:00:09]} 20. Bd2 {[%emt 0:02:08]} a5 {[%emt 0:20:26]} 21. Raf1 {[%emt 0:03:55]} a4 {[%emt 0:07:42]} 22. Bc4 {[%emt 0:01:36]} Ne5 {[%emt 0:01:58]} 23. Be2 {[%emt 0:02:33]} Rh8 {[%emt 0:02:23]} 24. Bb4 {[%emt 0:01:04]} Ba6 {[%emt 0:03:57]} 25. Bxa6 {[%emt 0:01:26]} Rxa6 {[%emt 0:00:05]} 26. fxe6 {[%emt 0:01:30]} fxe6 {[%emt 0:00:46]} 27. Be7 {[%emt 0:02:33]} Nd7 {[%emt 0:06:40]} 28. Bd6 {[%emt 0:02:29]} Kg6 {[%emt 0:03:29]} 29. Rf7 {[%emt 0:00:53]} Ra7 {[%emt 0:01:12]} 30. Be5 {[%emt 0:04:39]} Nxe5 {[%emt 0:00:42]} 31. Rxa7 {[%emt 0:00:28]} 1-0

[Event "Ceske Budejovice GM 2019"]
[Site "Ceske Budejovice"]
[Date "2019.07.04"]
[Round "6.3"]
[White "Dhulipalla Bala Chandra Prasad"]
[Black "Pulpan, Jakub"]
[Result "1/2-1/2"]
[WhiteElo "2419"]
[BlackElo "2414"]
[Annotator "NA"]
[PlyCount "35"]
[EventDate "2019.07.02"]
[EventCountry "CZE"]
[SourceTitle "playchess.com"]
[Source "ChessBase"]
[SourceQuality "1"]
[TimeControl "5400+30"]

1. c4 {[%emt 0:00:00]} e6 {[%emt 0:00:12]} 2. g3 {[%emt 0:00:01]} d5 {[%emt 0:00:29]} 3. Nf3 {[%emt 0:00:46]} Nf6 {[%emt 0:00:36]} 4. Bg2 {[%emt 0:00:16]} Be7 {[%emt 0:00:20]} 5. O-O {[%emt 0:00:10]} O-O {[%emt 0:00:16]} 6. b3 {[%emt 0:00:04]} b6 {[%emt 0:00:54]} 7. Bb2 {[%emt 0:00:28]} Bb7 {[%emt 0:00:26]} 8. e3 {[%emt 0:00:48]} c5 {[%emt 0:00:52]} 9. Nc3 {[%emt 0:00:21]} Nbd7 {[%emt 0:00:32]} 10. Qe2 {[%emt 0:04:28]} Rc8 {[%emt 0:01:54]} 11. Rfd1 {[%emt 0:08:27]} Qc7 {[%emt 0:03:11]} 12. cxd5 {[%emt 0:04:35]} Nxd5 {[%emt 0:09:38]} 13. Nxd5 {[%emt 0:11:57]} Bxd5 {[%emt 0:01:22]} 14. e4 {[%emt 0:00:14]} Bb7 {[%emt 0:06:02]} 15. d4 {[%emt 0:02:42]} Nf6 {[%emt 0:09:40]} 16. dxc5 {[%emt 0:12:02]} Bxe4 {[%emt 0:04:51]} 17. cxb6 {[%emt 0:06:52]} Qxb6 {[%emt 0:02:20]} 18. Bxf6 {[%emt 0:01:44]} 1/2-1/2